Fuzz. 2006, № 7/1 (спец. номер): Кайф вечный (Запись № 11107191)

Подробности
000 -МАРКЕР
контрольное поле 00748nam2a2200217 4500
001 - ИДЕНТИФИКАТОР ЗАПИСИ
контрольное поле RU\NLR\BIBL_A\011646410
005 - ИДЕНТИФИКАТОР ВЕРСИИ
контрольное поле 20250626103337.0
035 ## - ДРУГИЕ СИСТЕМНЫЕ НОМЕРА
Идентификатор записи (NLR Aleph) 011646410
100 ## - ДАННЫЕ ОБЩЕЙ ОБРАБОТКИ
Данные общей обработки 20180302d2006 |||y0rusy50 ca
101 0# - ЯЗЫК РЕСУРСА
Язык текста, звукозаписи и т.д. русский
102 ## - СТРАНА ПУБЛИКАЦИИ ИЛИ ПРОИЗВОДСТВА
Страна публикации Российская Федерация
200 1# - ЗАГЛАВИЕ И СВЕДЕНИЯ ОБ ОТВЕТСТВЕННОСТИ
Основное заглавие Кайф вечный
Первые сведения об ответственности Владимир Рекшан
210 ## - ПУБЛИКАЦИЯ, РАСПРОСТРАНЕНИЕ И ДР.
Дата издания, распространения и т.д. 2006
Место издания, распространения и т.д. Б. м.
461 #0 - УРОВЕНЬ НАБОРА
Встроенное поле 001RU\NLR\INFOCOMM20\5000025089
-- 2001#$aFuzz$eМуз. журн.$v2006, № 7/1 (спец. номер)
Системный номер (АБИС) связанной записи 4656570
Место публикации СПб.
Дата публикации 1996 -
Имя издателя, распространителя и т.д. Долгов
Сведения, относящиеся к заглавию Муз. журн.
Заглавие Fuzz
Номер тома 2006, № 7/1 (спец. номер)
700 #1 - ИМЯ ЛИЦА - ПЕРВИЧНАЯ ОТВЕТСТВЕННОСТЬ
Начальный элемент ввода Рекшан
Часть имени, кроме начального элемента ввода В.
Расширение инициалов личного имени Владимир
852 ## - МЕСТОНАХОЖДЕНИЕ И ШИФР ХРАНЕНИЯ
Идентификатор организации NLR
Шифр хранения (Call Number) П32/404
942 ## - ДОПОЛНИТЕЛЬНЫЕ ЭЛЕМЕНТЫ ЗАПИСИ (АБИС)
Тип экземпляра АБИС Выпуск
980 ## - КОЛЛЕКЦИЯ
Название коллекции Национальная библиография
980 ## - КОЛЛЕКЦИЯ
Название коллекции Русская периодика

Нет доступных экземпляров.